| 000 | 00724nam a2200229 a 4500 | ||
|---|---|---|---|
| 999 |
_c7299 _d7299 |
||
| 001 | 7299 | ||
| 003 | BD-JhCC | ||
| 005 | 20180207170455.0 | ||
| 008 | 180207s1996 bg |||| |||| 000 0 ben d | ||
| 020 | _a9844013690 | ||
| 035 | _a(BD-JhCC)7299 | ||
| 040 |
_aBD-JhCC _dBD-JhCC |
||
| 041 | _aben | ||
| 082 |
_a923 _bGUP 1996 |
||
| 100 | _aগুপ্ত, সন্তোষ | ||
| 245 |
_aইতিহাসের ছায়াচ্ছন্ন প্রহর ও বঙ্গবন্ধু / _bসন্তোষ গুপ্ত |
||
| 260 |
_aঢাকা : _bআগামী প্রকাশনী, _c1996 |
||
| 300 |
_a159 p. : _c21 cm. |
||
| 650 |
_aBiography _xPoliticians |
||
| 942 |
_2ddc _cBK |
||